| 000 | 00548nam a22001577a 4500 | ||
|---|---|---|---|
| 003 | macl | ||
| 005 | 20231105123817.0 | ||
| 008 | 231105b |||||||| |||| 00| 0 eng d | ||
| 040 | _cmacl | ||
| 082 | _a720 | ||
| 100 |
_aStudy Publication _982014 |
||
| 245 | _aभारतीय कला एवं संस्कृति (संघ एवं राज्य लोक सेवा आयोग ) प्रथम संस्करण | ||
| 260 |
_aदिल्ली _bStudy Publication |
||
| 650 | _aकला | ||
| 942 |
_2ddc _cHIN |
||
| 999 |
_c66317 _d66317 |
||